| 000 | 01954cam a2200337 a 4500 | ||
|---|---|---|---|
| 001 | 16681321 | ||
| 003 | GZU | ||
| 005 | 20260311113159.0 | ||
| 008 | 110307s2011 enka b 001 0 eng | ||
| 010 | _a 2011008490 | ||
| 020 |
_a9781408244708 _qpbk. |
||
| 022 | _a. | ||
| 035 | _a16681321 | ||
| 040 |
_aDLC _cDLC _dGZULib _beng _erda |
||
| 042 | _apcc | ||
| 050 | 0 | 0 |
_aHV40 _b.SOC 2011 |
| 245 | 0 | 0 |
_aSocial work : _ban introduction to contemporary practice / _cKate Wilson ... [et al.]. |
| 250 | _aSecond edition. | ||
| 260 |
_aHarlow, England ; _aNew York : _bLongman, _c2011. |
||
| 300 |
_axxi, 735 pages : _billustrations ; _c25 cm. |
||
| 336 |
_atext _btxt _2rdacontent |
||
| 337 |
_aunmediated _bn _2rdamedia |
||
| 338 |
_avolume _bnc _2rdacarrier |
||
| 504 | _aIncludes bibliographical references (p. 673-707) and index. | ||
| 505 | 0 | _aRelationship-based and reflective approaches for contemporary social work practice -- Modern social work in context : policy, politics and organisations -- Contemporary challenges -- The development of social work : key themes and critical debates -- The values and politics of social work practice -- Social work knowledge and practice -- Human development through the lifespan -- Law and social work -- Understanding and using research in social work practice -- Assessment in social work practice -- Communication skills -- Planning and intervening -- Inter-professional working -- User involvement -- Informal family carers -- Social work with children and families -- Social work with adults : policy and practice -- Social work with young offenders -- Social work with disabled children and adults -- Social work with adults with mental health problems -- Social work and drug use -- Social work with vulnerable older people. | |
| 520 | _a. | ||
| 650 | 0 | _aSocial service. | |
| 650 | 0 | _aSocial case work. | |
| 700 | 1 |
_aWilson, Kate, _d1943- _eauthor |
|
| 942 |
_2lcc _cBK _eSecond edition _h40 _iSOC _kHV |
||
| 999 |
_c11687 _d11687 |
||